000 00688nam a2200229Ia 4500
003 GCL
008 140319s9999 xx 000 0 ara d
020 _a977276122x
040 _aGCL /
_cGCL
082 0 4 _a370.15
_bك ع
100 1 _aكمال زاخر
245 1 0 _aعلم ابنك كيف يحب الحياة /
_cكمال زاخر
260 _aالقاهرة :
_bمكتبة العرب ،
_c1995
300 _a80 ص ؛
_c24 سم
490 _aرسائل الى الاباء
_v0
650 0 4 _aالتعليم
650 0 4 _aالتربية
650 0 4 _aعلم النفس التعليمى
650 0 4 _aالاباء والابناء
650 0 4 _aالاباء
942 _2ddc
_cBK
999 _c49404
_d49404